Colonial experience in the major fiction of V.S Naipaul / (Record no. 143280)

MARC details
000 -LEADER
fixed length control field 00610nam a22001937a 4500
005 - DATE AND TIME OF LATEST TRANSACTION
control field 20170811143334.0
010 ## - LCCN (DPL NO)
LC control number ENG-119675
020 ## - INTERNATIONAL STANDARD BOOK NUMBER
International Standard Book Number 9788126920389
Terms of availability 595.00
035 ## - SYSTEM CONTROL NUMBER
System control number EN-103207
037 ## - SOURCE OF ACQUISITION
Source of stock number/acquisition DBAD/PUB
082 ## - DEWEY DECIMAL CLASSIFICATION NUMBER
Classification number 883.092
100 ## - MAIN ENTRY--PERSONAL NAME
Personal name Jhanji, R. S.
245 ## - TITLE STATEMENT
Title Colonial experience in the major fiction of V.S Naipaul /
Statement of responsibility, etc by R.S Jhanji
260 ## - PUBLICATION, DISTRIBUTION, ETC. (IMPRINT)
Place of publication, distribution, etc New Delhi
Name of publisher, distributor, etc Atlantic Publishers
Date of publication, distribution, etc 2015
270 ## - ADDRESS
Address 7/22, Ansari Road, Daryaganj
City New Delhi
Postal code 110002
300 ## - PHYSICAL DESCRIPTION
Extent v, 210p.
Dimensions 22cm(Hb)
500 ## - GENERAL NOTE
General note Includes bibliographical references
942 ## - ADDED ENTRY ELEMENTS (KOHA)
Source of classification or shelving scheme Dewey Decimal Classification
Item type English Books
Classification part 883.092
Call number suffix JHA
Holdings
Withdrawn status Lost status Not for loan Collection code Home library Current library Date acquired Source of acquisition Cost, normal purchase price Full call number Barcode Copy number Cost, replacement price Koha item type
      Non-fiction Narela Narela 11/08/2017 DBAD/PUB 595.00 883.092 JHA EN-103207 1 595.00 English Books

© Delhi Public Library
Hit Counter
free hit counter